[Event "DSOL 02 Liga Gr-A 1st"]
[Site "Playchess.com INT"]
[Date "2020.07.06"]
[Round "3.1"]
[White "Kagan, Dennis"]
[Black "Quante, Lennart"]
[Result "0-1"]
[WhiteElo "2046"]
[BlackElo "2072"]
[PlyCount "168"]
[EventDate "2020.06.22"]
[EventType "team-tourn (rapid)"]
[EventCountry "GER"]
[SourceTitle "EXT 2021"]
[Source "ChessBase"]
[SourceDate "2020.10.23"]
[SourceVersion "1"]
[SourceVersionDate "2020.10.23"]
[SourceQuality "1"]
[WhiteTeam "Porz SG II"]
[BlackTeam "Muenster"]
[WhiteTeamCountry "GER"]
[BlackTeamCountry "GER"]

1. e4 e5 2. Nf3 Nc6 3. Bc4 Nf6 4. d3 Bc5 5. c3 a6 6. Nbd2 0-0 7. 0-0 Ba7 8. Re1 d6 9. Bb3 Ng4 10. Re2 Kh8 11. h3 f5 12. exf5 Nh6 13. Nc4 Nxf5 14. Ne3 Nxe3 15. Bxe3 Rxf3 16. gxf3 Bxh3 17. Kh2 Qh4 18. Bg5 Qxg5 19. Kxh3 Rf8 20. Re4 Bxf2 21. Rg4 Qh5+ 22. Kg2 Bb6 23. Qe2 e4 24. Qxe4 Qh6 25. Rh1 Qd2+ 26. Kh3 Ne5 27. Rg2 Qh6+ 28. Qh4 Rxf3+ 29. Rg3 Rxg3+ 30. Kxg3 Qe3+ 31. Kg2 Qe2+ 32. Kh3 Qxd3+ 33. Qg3 Qf5+ 34. Kh2 Ng4+ 35. Kg2 Qe4+ 36. Qf3 Ne3+ 37. Kg3 Nf5+ 38. Kg2 Ne3+ 39. Kg3 Qg6+ 40. Kh3 Qf5+ 41. Qxf5 Nxf5 42. Re1 g6 43. Re8+ Kg7 44. Rb8 h5 45. Rxb7 g5 46. Rb8 g4+ 47. Kg2 Kf6 48. Rf8+ Kg5 49. Be6 Ne3+ 50. Kh2 h4 51. Rg8+ Kf4 52. Rf8+ Ke5 53. Bc8 g3+ 54. Kg1 Nd1+ 55. Kg2 Nxb2 56. Rh8 Nd1 57. Rxh4 Bf2 58. Bxa6 Nxc3 59. a4 d5 60. Bd3 c5 61. a5 Nd1 62. a6 c4 63. Be2 Ne3+ 64. Kf3 Nf5 65. Rh7 Nd4+ 66. Kg2 Nxe2 67. Re7+ Kd6 68. Rxe2 Kc6 69. Ra2 Ba7 70. Kxg3 d4 71. Kf3 Kb5 72. Ke2 Kb4 73. Kd2 Kb3 74. Ra5 c3+ 75. Kc1 d3 76. Rb5+ Kc4 77. Re5 Kb3 78. Re7 Bc5 79. Rb7+ Ka2 80. a7 Ba3+ 81. Kd1 c2+ 82. Kd2 c1Q+ 83. Kxd3 Qf1+ 84. Kd4 Qf4+ 0-1

[Event "Mittelrhein Verbandsliga Sued 1920"]
[Site "Mittelrhein"]
[Date "2020.01.19"]
[Round "5.1"]
[White "Fuss, Jean Pierre"]
[Black "Kagan, Dennis"]
[Result "1/2-1/2"]
[WhiteElo "1937"]
[BlackElo "2072"]
[PlyCount "41"]
[EventDate "2019.09.29"]
[EventType "team-tourn"]
[EventRounds "9"]
[EventCountry "GER"]
[SourceTitle "EXT 2023"]
[Source "ChessBase"]
[SourceDate "2022.10.05"]
[SourceVersion "1"]
[SourceVersionDate "2022.10.05"]
[SourceQuality "1"]
[WhiteTeam "Sankt Augustin Turm"]
[BlackTeam "Koeln Porz IV"]
[WhiteTeamCountry "GER"]
[BlackTeamCountry "GER"]

1. d4 Nf6 2. Nf3 e6 3. c4 b6 4. e3 d5 5. Nc3 Bb7 6. cxd5 exd5 7. Bd3 Bd6 8. 0-0 0-0 9. b3 Ne4 10. Bb2 Nxc3 11. Bxc3 Nd7 12. Rc1 c5 13. Bb1 Re8 14. Qd3 g6 15. Rfe1 Bf8 16. dxc5 bxc5 17. Bb2 Bg7 18. Bxg7 Kxg7 19. b4 c4 20. Qd4+ Qf6 21. Red1 1/2-1/2

[Event "Mittelrhein Verbandsliga Sued 1920"]
[Site "Mittelrhein"]
[Date "2019.12.08"]
[Round "4.1"]
[White "Kagan, Dennis"]
[Black "Koegler, Christof"]
[Result "1/2-1/2"]
[WhiteElo "2072"]
[BlackElo "2015"]
[PlyCount "63"]
[EventDate "2019.09.29"]
[EventType "team-tourn"]
[EventRounds "9"]
[EventCountry "GER"]
[SourceTitle "EXT 2023"]
[Source "ChessBase"]
[SourceDate "2022.10.05"]
[SourceVersion "1"]
[SourceVersionDate "2022.10.05"]
[SourceQuality "1"]
[WhiteTeam "Koeln Porz IV"]
[BlackTeam "Godesberg III"]
[WhiteTeamCountry "GER"]
[BlackTeamCountry "GER"]

1. e4 c5 2. Nc3 e6 3. Nge2 Nc6 4. d4 cxd4 5. Nxd4 Qc7 6. Be2 a6 7. a4 Bb4 8. 0-0 Nf6 9. Nxc6 bxc6 10. Qd4 c5 11. Qe3 Bb7 12. e5 Nd5 13. Qg3 Ne7 14. Rd1 Nf5 15. Qd3 Nd4 16. f4 d5 17. Na2 c4 18. Qh3 Nxe2+ 19. Kf1 Nxc1 20. Nxb4 Qb6 21. Qa3 a5 22. Nxd5 Bxd5 23. Raxc1 Qb4 24. Qg3 g6 25. Qg5 Qe7 26. Qh6 f6 27. f5 gxf5 28. exf6 Qf7 29. Rxd5 exd5 30. Re1+ Kd8 31. Re7 Qxe7 32. fxe7+ 1/2-1/2

[Event "Heusenstamm Sparkassen op-A 6th"]
[Site "Heusenstamm"]
[Date "2019.11.23"]
[Round "4"]
[White "Kagan, Dennis"]
[Black "Alber, Horst"]
[Result "1/2-1/2"]
[WhiteElo "2055"]
[BlackElo "2267"]
[PlyCount "91"]
[EventDate "2019.11.21"]
[EventType "swiss"]
[EventRounds "7"]
[EventCountry "GER"]
[SourceTitle "CBM 194 Extra"]
[Source "ChessBase"]
[SourceDate "2020.03.31"]
[SourceVersion "1"]
[SourceVersionDate "2020.03.31"]
[SourceQuality "1"]

1. e4 g6 2. d4 Bg7 3. Nc3 d6 4. f4 c6 5. Be2 Nf6 6. Be3 0-0 7. Nf3 Qb6 8. Qc1 c5 9. dxc5 dxc5 10. Ne5 Be6 11. 0-0 Qc7 12. g4 Nc6 13. g5 Nh5 14. Nxc6 Qxc6 15. f5 Bxc3 16. bxc3 Bd7 17. Bxh5 gxh5 18. Rf4 f6 19. Rh4 Be8 20. g6 hxg6 21. Bh6 g5 22. Bxg5 Kh7 23. Be3 Rg8+ 24. Kf2 Rg4 25. Rxg4 hxg4 26. Qh1 Qa4 27. Re1 Bb5 28. h3 g3+ 29. Kxg3 Rg8+ 30. Kf4 Qxc2 31. c4 Bc6 32. Rg1 Rxg1 33. Bxg1 Qc1+ 34. Kg3 Qe1+ 35. Kf4 Qf1+ 36. Ke3 Qxc4 37. Qg2 Qd4+ 38. Kf4 Qe5+ 39. Ke3 Qc3+ 40. Kf4 Qe5+ 41. Ke3 Be8 42. Qf2 Bf7 43. Qh4+ Kg8 44. Kf3 Qa1 45. Bxc5 Bh5+ 46. Kg2 1/2-1/2

[Event "Heusenstamm Sparkassen op-A 6th"]
[Site "Heusenstamm"]
[Date "2019.11.23"]
[Round "5"]
[White "Van der Valk, Niklas"]
[Black "Kagan, Dennis"]
[Result "1-0"]
[WhiteElo "2133"]
[BlackElo "2055"]
[PlyCount "109"]
[EventDate "2019.11.21"]
[EventType "swiss"]
[EventRounds "7"]
[EventCountry "GER"]
[SourceTitle "CBM 194 Extra"]
[Source "ChessBase"]
[SourceDate "2020.03.31"]
[SourceVersion "1"]
[SourceVersionDate "2020.03.31"]
[SourceQuality "1"]

1. c4 e6 2. Nf3 Nf6 3. g3 Be7 4. Bg2 0-0 5. 0-0 d5 6. d4 dxc4 7. Qa4 a6 8. Qxc4 b5 9. Qc2 Bb7 10. Bg5 Nbd7 11. Bxf6 Nxf6 12. Nbd2 Rc8 13. Nb3 Be4 14. Qc3 Qd5 15. Nc5 Bxc5 16. dxc5 Rfd8 17. Rfc1 Qh5 18. Qa5 Ng4 19. h3 Bxf3 20. exf3 Ne5 21. Qxa6 Nxf3+ 22. Kh1 Qf5 23. Qxb5 Ng5 24. h4 Nh3 25. Bxh3 Qxh3+ 26. Kg1 Qg4 27. Rc4 Qe2 28. Rb4 Qc2 29. Qc4 Rd2 30. Rc1 Rd1+ 31. Rxd1 Qxd1+ 32. Kg2 Rd8 33. Qb3 Qd7 34. Rb8 h5 35. Rxd8+ Qxd8 36. a4 g5 37. hxg5 Qxg5 38. Qb8+ Kg7 39. Qxc7 Qd5+ 40. Kh2 Qd4 41. Qf4 Qxc5 42. b4 Qb6 43. Qg5+ Kh7 44. Qxh5+ Kg8 45. Qg5+ Kh7 46. Qc5 Qa6 47. Qc2+ Kg8 48. b5 Qb6 49. Kg2 Qa7 50. Qb3 Qb7+ 51. Kg1 e5 52. b6 e4 53. a5 Kh7 54. a6 Qxa6 55. b7 1-0

[Event "NRW Class1 1819"]
[Site "Germany"]
[Date "2018.11.18"]
[Round "3.6"]
[White "Kagan, Dennis"]
[Black "Waechtler, Frank"]
[Result "1/2-1/2"]
[WhiteElo "1945"]
[BlackElo "1980"]
[PlyCount "59"]
[EventDate "2018.09.16"]
[EventType "team-tourn"]
[EventRounds "9"]
[EventCountry "GER"]
[SourceTitle "EXT 2022"]
[Source "ChessBase"]
[SourceDate "2021.10.06"]
[SourceVersion "1"]
[SourceVersionDate "2021.10.06"]
[SourceQuality "1"]
[WhiteTeam "Porz SG II"]
[BlackTeam "Weidenau/Geisweid"]
[WhiteTeamCountry "GER"]
[BlackTeamCountry "GER"]

1. e4 Nf6 2. e5 Nd5 3. c4 Nb6 4. d4 d6 5. exd6 cxd6 6. h3 g6 7. Nf3 Bg7 8. Nc3 0-0 9. Be3 Bf5 10. Be2 d5 11. c5 Nc4 12. Qb3 Nc6 13. Qxb7 N4a5 14. Qb5 Rb8 15. Qa4 Rxb2 16. 0-0 Qd7 17. Bb5 Rb8 18. Qxa5 R2xb5 19. Qa3 Rb4 20. Rfd1 h6 21. Bf4 R8b7 22. Ne2 g5 23. Ne5 Nxe5 24. Bxe5 f6 25. Bg3 e5 26. Rac1 Qc6 27. Qa5 Kh7 28. Qd8 Rd7 29. Qa5 Rdb7 30. Qd8 1/2-1/2

[Event "NRW Class1 1819"]
[Site "Germany"]
[Date "2018.10.14"]
[Round "2.4"]
[White "Kern, Guido"]
[Black "Kagan, Dennis"]
[Result "1-0"]
[WhiteElo "2286"]
[BlackElo "1945"]
[PlyCount "69"]
[EventDate "2018.09.16"]
[EventType "team-tourn"]
[EventRounds "9"]
[EventCountry "GER"]
[SourceTitle "EXT 2022"]
[Source "ChessBase"]
[SourceDate "2021.10.06"]
[SourceVersion "1"]
[SourceVersionDate "2021.10.06"]
[SourceQuality "1"]
[WhiteTeam "Krefelder Turm"]
[BlackTeam "Porz SG II"]
[WhiteTeamCountry "GER"]
[BlackTeamCountry "GER"]

1. Nf3 Nf6 2. g3 e6 3. Bg2 Be7 4. c4 d5 5. d4 0-0 6. 0-0 dxc4 7. Qa4 a6 8. Qxc4 b5 9. Qc2 Bb7 10. Bg5 Nc6 11. Rd1 Nb4 12. Qc1 Qc8 13. Bxf6 Bxf6 14. Nbd2 Rd8 15. a3 Nc6 16. Nb3 e5 17. d5 Nd4 18. Nfxd4 exd4 19. Qc5 d3 20. Rxd3 Bxb2 21. Ra2 Be5 22. f4 Bd6 23. Qc3 f5 24. Nd4 Qd7 25. Rad2 a5 26. Ne6 b4 27. Qc2 Re8 28. a4 Ba6 29. Rd4 Qf7 30. e4 fxe4 31. Bxe4 g6 32. f5 gxf5 33. Bxf5 b3 34. Rg4+ Kh8 35. Qc3+ 1-0

[Event "Mittelrhein Verbandsliga-N 17/18"]
[Site "Nordrheinwestfalen"]
[Date "2017.11.12"]
[Round "4.1"]
[White "Kagan, Dennis"]
[Black "Kocur, Alois"]
[Result "0-1"]
[WhiteElo "1870"]
[BlackElo "2158"]
[PlyCount "120"]
[EventDate "2017.09.10"]
[EventType "team-swiss"]
[EventRounds "11"]
[EventCountry "GER"]
[SourceTitle "EXT 2022"]
[Source "ChessBase"]
[SourceDate "2021.10.06"]
[SourceVersion "1"]
[SourceVersionDate "2021.10.06"]
[SourceQuality "1"]
[WhiteTeam "Porz SG IV"]
[BlackTeam "Hitdorf SV Springer"]
[WhiteTeamCountry "GER"]
[BlackTeamCountry "GER"]

1. e4 e5 2. Nf3 Nc6 3. Bc4 Nf6 4. d3 h6 5. Nbd2 g6 6. Nf1 Bg7 7. Ng3 0-0 8. c3 d5 9. exd5 Nxd5 10. 0-0 a6 11. Re1 Re8 12. d4 Nb6 13. Bf1 exd4 14. Rxe8+ Qxe8 15. Nxd4 Nxd4 16. cxd4 Be6 17. Bf4 Nd5 18. Qd2 g5 19. Be3 f5 20. f4 Nxe3 21. Qxe3 Rd8 22. Rd1 Qf7 23. b3 Qf6 24. d5 Rxd5 25. Rxd5 Bxd5 26. fxg5 hxg5 27. Qe8+ Bf8 28. Kh1 Bf7 29. Qd7 f4 30. Ne4 Qe5 31. Qd3 c6 32. Nd2 Bd5 33. Qg6+ Qg7 34. Qf5 Be7 35. Qc8+ Bf8 36. Qf5 b5 37. Nf3 Be7 38. Bd3 g4 39. Ne5 f3 40. gxf3 gxf3 41. Nxf3 Qa1+ 42. Kg2 Qxa2+ 43. Bc2 Qb2 44. Qh7+ Kf8 45. Qf5+ Ke8 46. Kf2 Qc3 47. Qc8+ Bd8 48. Bg6+ Ke7 49. Qf5 Bb6+ 50. Kg3 Bc7+ 51. Kf2 Qb2+ 52. Qc2 Qf6 53. Qf5 Qxf5 54. Bxf5 Bxb3 55. h4 Bd5 56. Nd2 Kf6 57. Bc8 a5 58. Ke3 a4 59. Kd3 Bf4 60. Nb1 b4 0-1

[Event "Mittelrhein Verbandsliga-N 17/18"]
[Site "Nordrheinwestfalen"]
[Date "2017.09.10"]
[Round "1.1"]
[White "Seewi, Joram"]
[Black "Kagan, Dennis"]
[Result "1/2-1/2"]
[WhiteElo "1929"]
[BlackElo "1870"]
[PlyCount "75"]
[EventDate "2017.09.10"]
[EventType "team-swiss"]
[EventRounds "11"]
[EventCountry "GER"]
[SourceTitle "EXT 2022"]
[Source "ChessBase"]
[SourceDate "2021.10.06"]
[SourceVersion "1"]
[SourceVersionDate "2021.10.06"]
[SourceQuality "1"]
[WhiteTeam "Kalker/Deutzer SG"]
[BlackTeam "Porz SG IV"]
[WhiteTeamCountry "GER"]
[BlackTeamCountry "GER"]

1. e4 c5 2. c4 Nc6 3. Nf3 d6 4. d4 cxd4 5. Nxd4 Nf6 6. Nc3 g6 7. Be3 Ng4 8. Nxc6 bxc6 9. Bg5 Bg7 10. Qd2 Rb8 11. h3 Qa5 12. Rc1 Ne5 13. Be2 Nd7 14. b3 Nc5 15. Nb1 Qc7 16. Bf3 0-0 17. 0-0 Re8 18. b4 Ne6 19. Be3 c5 20. a3 Nd4 21. Bd1 Qb7 22. Nc3 Be6 23. Nd5 Bxd5 24. cxd5 Rec8 25. Qd3 a5 26. Bg4 Rc7 27. bxc5 dxc5 28. Rb1 Nb3 29. Bf4 c4 30. Qc2 a4 31. Rfd1 Rd8 32. Bf3 Rcc8 33. e5 Qa7 34. Qc3 Qa6 35. Re1 Qa7 36. Be3 Qa6 37. Bg5 Qa7 38. Be3 1/2-1/2

[Event "Dortmund Sparkassen op-A 45th"]
[Site "Dortmund"]
[Date "2017.07.23"]
[Round "9"]
[White "Dyballa, Gerhard"]
[Black "Kagan, Dennis"]
[Result "1/2-1/2"]
[WhiteElo "1957"]
[BlackElo "1902"]
[PlyCount "30"]
[EventDate "2017.07.15"]
[EventType "swiss"]
[EventRounds "9"]
[EventCountry "GER"]
[SourceTitle "CBM 179 Extra"]
[Source "ChessBase"]
[SourceDate "2017.08.23"]
[SourceVersion "1"]
[SourceVersionDate "2017.08.23"]
[SourceQuality "1"]

1. c4 e6 2. g3 Nf6 3. Bg2 d5 4. Nf3 Be7 5. 0-0 0-0 6. b3 c5 7. cxd5 Nxd5 8. Bb2 b6 9. d3 Bf6 10. Bxf6 Qxf6 11. Na3 Bb7 12. Nc4 Qe7 13. Rc1 Rd8 14. Qd2 Nc6 15. Nce5 Rac8 1/2-1/2

[Event "Dortmund Sparkassen op-A 45th"]
[Site "Dortmund"]
[Date "2017.07.18"]
[Round "4"]
[White "Kolakovic, Klaudio"]
[Black "Kagan, Dennis"]
[Result "1-0"]
[WhiteElo "2017"]
[BlackElo "1902"]
[PlyCount "77"]
[EventDate "2017.07.15"]
[EventType "swiss"]
[EventRounds "9"]
[EventCountry "GER"]
[SourceTitle "CBM 179 Extra"]
[Source "ChessBase"]
[SourceDate "2017.08.23"]
[SourceVersion "1"]
[SourceVersionDate "2017.08.23"]
[SourceQuality "1"]

1. d4 Nf6 2. c4 e6 3. Nc3 Bb4 4. e3 0-0 5. Bd3 d5 6. Nf3 c5 7. 0-0 dxc4 8. Bxc4 Nbd7 9. Ne2 cxd4 10. exd4 a6 11. Qb3 Ba5 12. Nf4 Nb6 13. Bd3 Nbd5 14. Nxd5 Qxd5 15. Bc4 Qd6 16. Rd1 b5 17. Be2 Bb6 18. Bd2 Nd5 19. a4 b4 20. a5 Bc7 21. Bc4 Rb8 22. Bxd5 exd5 23. g3 Rb5 24. Bf4 Qd8 25. Bxc7 Qxc7 26. Rdc1 Qd6 27. Ne5 Bd7 28. Nd3 Bg4 29. Ne5 Bd7 30. Nd3 Bg4 31. Rc5 Rfb8 32. Rac1 Bd7 33. Nf4 Be6 34. Rc6 Qd8 35. Nxe6 fxe6 36. Qe3 Qd7 37. Rc7 Qe8 38. R1c6 R5b7 39. Rxe6 1-0

[Event "GER-ch U25-A"]
[Site "Willingen"]
[Date "2016.05.21"]
[Round "9"]
[White "Kagan, Dennis"]
[Black "Gorainow, Nikita"]
[Result "1-0"]
[WhiteElo "1974"]
[BlackElo "1779"]
[PlyCount "37"]
[EventDate "2016.05.15"]
[EventType "swiss"]
[EventRounds "9"]
[EventCountry "GER"]
[SourceTitle "CBM 172 Extra"]
[Source "ChessBase"]
[SourceDate "2016.06.21"]
[SourceVersion "1"]
[SourceVersionDate "2016.06.21"]
[SourceQuality "1"]

1. Nf3 e6 2. c4 f5 3. g3 Nf6 4. Bg2 d5 5. 0-0 Bd6 6. Nc3 0-0 7. d3 dxc4 8. dxc4 Qe7 9. e4 Nc6 10. exf5 exf5 11. Re1 Qf7 12. Ng5 Qg6 13. Nd5 Bd7 14. c5 Bxc5 15. Nxf6+ gxf6 16. Qxd7 Bb4 17. Bd5+ Kh8 18. Nf7+ Rxf7 19. Bxf7 1-0

[Event "GER-ch U25-A"]
[Site "Willingen"]
[Date "2016.05.19"]
[Round "7"]
[White "Kagan, Dennis"]
[Black "Wissing, Philipp"]
[Result "1/2-1/2"]
[WhiteElo "1974"]
[BlackElo "1583"]
[PlyCount "43"]
[EventDate "2016.05.15"]
[EventType "swiss"]
[EventRounds "9"]
[EventCountry "GER"]
[SourceTitle "CBM 172 Extra"]
[Source "ChessBase"]
[SourceDate "2016.06.21"]
[SourceVersion "1"]
[SourceVersionDate "2016.06.21"]
[SourceQuality "1"]

1. Nf3 g6 2. c4 Bg7 3. g3 e5 4. Nc3 Ne7 5. Bg2 c6 6. c5 d5 7. cxd6 Nf5 8. d3 Nxd6 9. 0-0 Be6 10. Ng5 Qe7 11. Nxe6 Qxe6 12. Qc2 0-0 13. Na4 Nd7 14. Be3 Nf5 15. Qd2 Nxe3 16. Qxe3 b6 17. Rfc1 Rac8 18. Qf3 Nf6 19. Nc3 Rfd8 20. Ne4 Nxe4 21. Qxe4 f5 22. Qc4 1/2-1/2

[Event "Heusenstamm Sparkassen op-A 2nd"]
[Site "Heusenstamm"]
[Date "2015.11.29"]
[Round "6"]
[White "Feldmann, Johannes"]
[Black "Kagan, Dennis"]
[Result "1/2-1/2"]
[WhiteElo "2145"]
[BlackElo "2009"]
[PlyCount "136"]
[EventDate "2015.11.26"]
[EventType "swiss"]
[EventRounds "7"]
[EventCountry "GER"]
[SourceTitle "EXT 2018"]
[Source "ChessBase"]
[SourceDate "2017.10.13"]
[SourceVersion "1"]
[SourceVersionDate "2017.10.13"]
[SourceQuality "1"]

1. d4 Nf6 2. c4 e6 3. Nc3 Bb4 4. e3 0-0 5. Bd3 d5 6. a3 Bxc3+ 7. bxc3 c5 8. cxd5 exd5 9. Ne2 Nc6 10. f3 Re8 11. 0-0 b6 12. Ra2 Re7 13. Ng3 Be6 14. Raf2 Ne8 15. Bb2 Nd6 16. Qc2 g6 17. e4 dxe4 18. fxe4 Nc4 19. d5 Ne3 20. Qc1 Nxf1 21. Bxf1 Ne5 22. dxe6 Rxe6 23. c4 Qh4 24. Be2 Rd8 25. Qe3 Qe7 26. Rf1 f6 27. Rc1 Kg7 28. h3 Red6 29. Nf1 Re8 30. Qf2 Nf7 31. Bf3 Ng5 32. e5 Nxf3+ 33. Qxf3 fxe5 34. Re1 Re6 35. Ne3 Qh4 36. Rf1 Qe7 37. Nd5 Qb7 38. Nf6 Rb8 39. Qg3 Qe7 40. Nd5 Qd6 41. Qf4 Rf8 42. Qxf8+ Qxf8 43. Rxf8 Kxf8 44. Kf2 b5 45. Nc7 Rf6+ 46. Ke2 bxc4 47. Bxe5 Rb6 48. Kd2 Kf7 49. a4 Rb3 50. a5 Ke7 51. Bc3 Kd7 52. Nd5 Kc6 53. Nf6 Ra3 54. Kc2 Ra2+ 55. Bb2 Kb5 56. Nxh7 Kb4 57. Nf6 c3 58. Nd5+ Kc4 59. Nxc3 Rxa5 60. Ne4 Ra6 61. h4 Re6 62. Nd2+ Kd5 63. Kd3 a5 64. Nc4 Ra6 65. g4 a4 66. Bc1 Ke6 67. h5 gxh5 68. gxh5 Kf5 1/2-1/2

[Event "Heusenstamm Sparkassen op-A 2nd"]
[Site "Heusenstamm"]
[Date "2015.11.29"]
[Round "7"]
[White "Kagan, Dennis"]
[Black "Benninger, Rudolf"]
[Result "1-0"]
[WhiteElo "2009"]
[BlackElo "2119"]
[PlyCount "138"]
[EventDate "2015.11.26"]
[EventType "swiss"]
[EventRounds "7"]
[EventCountry "GER"]
[SourceTitle "EXT 2018"]
[Source "ChessBase"]
[SourceDate "2017.10.13"]
[SourceVersion "1"]
[SourceVersionDate "2017.10.13"]
[SourceQuality "1"]

1. e4 g6 2. d4 Bg7 3. Be3 c5 4. c3 cxd4 5. cxd4 d5 6. e5 Nc6 7. Nf3 Bg4 8. Be2 Nh6 9. Qd2 Nf5 10. Nc3 e6 11. Rd1 0-0 12. 0-0 f6 13. exf6 Qxf6 14. Ne1 Bxe2 15. Nxe2 Rac8 16. Bg5 Qf7 17. Nf3 h6 18. Be3 Kh7 19. a3 Nd6 20. Nc3 Nc4 21. Qe2 Qd7 22. Bc1 Rf6 23. Qd3 Rcf8 24. Ne2 Qf7 25. Qc2 Kg8 26. Rd3 g5 27. h3 Qg6 28. Qd1 g4 29. hxg4 Qxg4 30. Nh2 Qh5 31. Rh3 Qf7 32. Ng4 Rg6 33. Nxh6+ Bxh6 34. Rxh6 Kg7 35. Rxg6+ Qxg6 36. Nf4 Qf5 37. Re1 e5 38. dxe5 N6xe5 39. Qxd5 Rf7 40. Qd1 Rd7 41. Qe2 Re7 42. Be3 Kf7 43. Rd1 b5 44. Nd5 Rd7 45. Nc3 Rxd1+ 46. Nxd1 Qb1 47. Bd4 Nd3 48. Kh2 Nf4 49. Qf3 Ke6 50. Nc3 Qh7+ 51. Kg1 Qf5 52. g3 Nd3 53. Qxf5+ Kxf5 54. Bxa7 b4 55. axb4 Nxb4 56. Nd1 Ke4 57. Kg2 Nd3 58. Bb8 Ne1+ 59. Kf1 Nf3 60. Bf4 Kd3 61. Bh6 Nd6 62. Ne3 Ne4 63. Bg7 Nfd2+ 64. Kg2 Ke2 65. Ng4 Nf3 66. Ne5 Ne1+ 67. Kg1 Nxf2 68. b4 Ne4 69. b5 Nc5 1-0

[Event "Heusenstamm Sparkassen op-A 2nd"]
[Site "Heusenstamm"]
[Date "2015.11.27"]
[Round "2"]
[White "Henrich, Thomas"]
[Black "Kagan, Dennis"]
[Result "1-0"]
[WhiteElo "2192"]
[BlackElo "2009"]
[PlyCount "43"]
[EventDate "2015.11.26"]
[EventType "swiss"]
[EventRounds "7"]
[EventCountry "GER"]
[SourceTitle "EXT 2018"]
[Source "ChessBase"]
[SourceDate "2017.10.13"]
[SourceVersion "1"]
[SourceVersionDate "2017.10.13"]
[SourceQuality "1"]

1. d4 Nf6 2. c4 e6 3. Nc3 Bb4 4. Qc2 0-0 5. e4 d5 6. e5 Ne4 7. Bd3 c5 8. a3 Qa5 9. axb4 Qxa1 10. bxc5 Nc6 11. Bxe4 dxe4 12. Nge2 Qa5 13. 0-0 Nxd4 14. Nxd4 Qxc5 15. Qxe4 Qxc4 16. Bg5 Qb4 17. Qg4 Kh8 18. Ncb5 Bd7 19. Nd6 Be8 20. Be7 Kg8 21. Bxf8 Kxf8 22. Nxe6+ 1-0

[Event "Heusenstamm Sparkassen op-A 2nd"]
[Site "Heusenstamm"]
[Date "2015.11.26"]
[Round "1"]
[White "Kagan, Dennis"]
[Black "Weber, Detlef"]
[Result "1-0"]
[WhiteElo "2009"]
[BlackElo "1644"]
[PlyCount "125"]
[EventDate "2015.11.26"]
[EventType "swiss"]
[EventRounds "7"]
[EventCountry "GER"]
[SourceTitle "EXT 2018"]
[Source "ChessBase"]
[SourceDate "2017.10.13"]
[SourceVersion "1"]
[SourceVersionDate "2017.10.13"]
[SourceQuality "1"]

1. e4 c5 2. Nf3 d6 3. Bb5+ Bd7 4. Bxd7+ Nxd7 5. 0-0 Ngf6 6. Re1 e6 7. c3 Be7 8. d4 0-0 9. e5 dxe5 10. dxe5 Ne8 11. Qe2 a6 12. c4 Nc7 13. Nc3 f5 14. exf6 Bxf6 15. Bf4 Re8 16. Ne4 e5 17. Bg3 Re6 18. Rad1 Qe7 19. Rxd7 Qxd7 20. Nxc5 Qe7 21. Nxe6 Qxe6 22. Qe4 Re8 23. b3 b5 24. Rc1 bxc4 25. Qxc4 Qxc4 26. Rxc4 Nb5 27. Kf1 Re6 28. a4 Na7 29. Nd2 Nc6 30. Re4 Kf7 31. Nc4 g5 32. f3 h5 33. h4 gxh4 34. Bxh4 Bg7 35. Bg3 Kg6 36. Kf2 Kf7 37. Bh2 Bf6 38. Ke3 Bg5+ 39. Kd3 Kf6 40. Kc3 Bh6 41. b4 Bf8 42. b5 axb5 43. axb5 Nb4 44. Rxe5 Rxe5 45. Nxe5 Ke6 46. Ng6 Nd5+ 47. Kd4 Bh6 48. Kc5 Be3+ 49. Kc6 Nb4+ 50. Kb7 Nd5 51. g3 Bf2 52. Nf4+ Nxf4 53. gxf4 h4 54. f5+ Kxf5 55. Bc7 Bg3 56. b6 Bf4 57. Bxf4 Kxf4 58. Kc6 h3 59. b7 Kxf3 60. b8Q Kg2 61. Qg8+ Kf2 62. Qd5 h2 63. Qh1 1-0

[Event "Mittelrhein Regionalliga 15/16"]
[Site "Nordrheinwestfalen"]
[Date "2015.11.15"]
[Round "3.8"]
[White "Bekritski, Evgeni"]
[Black "Kagan, Dennis"]
[Result "1/2-1/2"]
[WhiteElo "1915"]
[BlackElo "1921"]
[PlyCount "94"]
[EventDate "2015.09.27"]
[EventType "team-tourn"]
[EventRounds "9"]
[EventCountry "GER"]
[SourceTitle "EXT 2022"]
[Source "ChessBase"]
[SourceDate "2021.10.06"]
[SourceVersion "1"]
[SourceVersionDate "2021.10.06"]
[SourceQuality "1"]
[WhiteTeam "Koeln Ford SF"]
[BlackTeam "Porz SG III"]
[WhiteTeamCountry "GER"]
[BlackTeamCountry "GER"]

1. b3 Nf6 2. Bb2 e6 3. c4 b6 4. e3 Bb7 5. Nf3 Be7 6. a3 d6 7. d3 Nbd7 8. Nbd2 0-0 9. Qc2 a5 10. Be2 d5 11. 0-0 Nc5 12. Rac1 c6 13. Rfd1 Qc7 14. Bc3 Rfd8 15. Qb2 Ne8 16. Qc2 Nf6 17. h3 Bd6 18. Qb2 Ne8 19. d4 Ne4 20. Nxe4 dxe4 21. Nd2 f5 22. d5 Qe7 23. b4 axb4 24. axb4 cxd5 25. Ra1 Nf6 26. Rdb1 dxc4 27. Nxc4 Bc7 28. Bd4 Nd5 29. Rxa8 Rxa8 30. Ne5 f4 31. exf4 Nxf4 32. Bf1 Qg5 33. Qc3 Nd5 34. Qg3 Qxg3 35. fxg3 Ra2 36. Nc4 Ra4 37. b5 Bxg3 38. Bxb6 Nxb6 39. Nxb6 Ra2 40. Nc4 e3 41. Rb2 Bf2+ 42. Kh2 Rxb2 43. Nxb2 Kf7 44. Nd3 Ke7 45. Nxf2 exf2 46. Kg3 Kd6 47. Kxf2 Ke5 1/2-1/2

[Event "GER-chT U14"]
[Site "Regensburg"]
[Date "2014.12.29"]
[Round "6.3"]
[White "Kagan, Dennis"]
[Black "Hoppe, Andreas"]
[Result "1/2-1/2"]
[WhiteElo "1826"]
[BlackElo "1699"]
[PlyCount "70"]
[EventDate "2014.12.27"]
[EventType "team-swiss"]
[EventRounds "7"]
[EventCountry "GER"]
[SourceTitle "EXT 2016"]
[Source "ChessBase"]
[SourceDate "2015.10.08"]
[SourceVersion "1"]
[SourceVersionDate "2015.10.08"]
[SourceQuality "1"]
[WhiteTeam "Porz SG"]
[BlackTeam "Hagen"]
[WhiteTeamCountry "GER"]
[BlackTeamCountry "GER"]

1. e4 e6 2. d4 d5 3. exd5 exd5 4. Bd3 Bd6 5. c3 Nf6 6. Ne2 Bg4 7. h3 Bh5 8. Bg5 Nbd7 9. Nd2 0-0 10. 0-0 Re8 11. Re1 c6 12. Nf1 Qc7 13. Qc2 Bg6 14. Neg3 Bxd3 15. Qxd3 h6 16. Bd2 Nb6 17. Qf3 Qd8 18. Bf4 Bxf4 19. Qxf4 Nc4 20. Rxe8+ Nxe8 21. Ne3 Qd6 22. Qxd6 Nexd6 23. Ngf5 Rd8 24. Nxd6 Nxd6 25. Re1 Re8 26. Kf1 Kf8 27. Re2 Re6 28. Rc2 Ke7 29. Re2 g6 30. Rc2 h5 31. g3 Kf6 32. Ng2 Nf5 33. Nf4 Re7 34. Nd3 h4 35. g4 Nd6 1/2-1/2